| Tag |
First Indicator |
Second Indicator |
Subfields |
| LEADER |
00000cam a2200000 4500 |
| 001 |
in00000024363 |
| 005 |
20151007062333.0 |
| 008 |
760120s1924 nyu 00010 eng |
| 010 |
|
|
|a 24023179
|
| 035 |
|
|
|a (OCoLC)01937608
|
| 035 |
|
|
|9 AAD4597AM
|
| 040 |
|
|
|a DLC
|c OUN
|d TXA
|d UtOrBLW
|
| 049 |
|
|
|a TXAM
|c [318863]
|
| 050 |
|
0 |
|a PZ3.L4345
|b Bo
|
| 090 |
|
|
|a PR6023.A93
|b B69 1924
|
| 092 |
|
|
|a 823
|b L419b
|
| 100 |
1 |
|
|a Lawrence, D. H.
|q (David Herbert),
|d 1885-1930.
|
| 245 |
1 |
4 |
|a The boy in the bush /
|c by D. H. Lawrence and M. L. Skinner.
|
| 264 |
|
1 |
|a New York :
|b T. Seltzer,
|c 1924.
|
| 300 |
|
|
|a vi, 388 pages ;
|c 19 cm.
|
| 336 |
|
|
|a text
|b txt
|2 rdacontent
|
| 337 |
|
|
|a unmediated
|b n
|2 rdamedia
|
| 338 |
|
|
|a volume
|b nc
|2 rdacarrier
|
| 700 |
1 |
|
|a Skinner, M. L.
|
| 999 |
|
|
|a MARS
|
| 999 |
f |
f |
|s b0970b58-94e7-3129-95dd-f6ff545d8c9c
|i 3b795ec7-82cd-3be9-825c-87fe3ae2c262
|t 0
|
| 952 |
f |
f |
|p normal
|a Texas A&M University
|b College Station
|c Sterling C. Evans Library
|d Evans: Library Stacks
|t 0
|e PR6023.A93 B69 1924
|h Library of Congress classification
|i unmediated -- volume
|m A14801322800
|
| 998 |
f |
f |
|a PR6023.A93 B69 1924
|t 0
|l Evans: Library Stacks
|